| 000 | 00640nam a22002057a 4500 | ||
|---|---|---|---|
| 005 | 20150124125407.0 | ||
| 008 | 131025t ag ||||| |||| 00| 0 spa d | ||
| 020 | _a208078376 | ||
| 050 | 0 | 4 |
_aB 1898 .M4 _bM35 190? |
| 100 | 1 | _aMalebranche, Nicolas | |
| 245 | 1 | 0 |
_aSobre el Alma / _cNicolas Malebranche |
| 250 | _aPrimera Edición: 190? | ||
| 260 |
_aBuenos Aires, Argentina : _bTor, _c190? |
||
| 300 |
_a160 paginas. _c18 X 12 centimetros, |
||
| 504 | _aIncluye: Indice | ||
| 600 |
_aMalebranche, Nicolas _d1638-1715 |
||
| 650 | 7 |
_2Lemb _aFilosofía _xEtica |
|
| 700 | 1 |
_aMalebranche, Nicolas _ePrólogo: J. Izquierdo |
|
| 942 |
_2ddc _cLIB |
||
| 999 |
_c44018 _d44018 |
||